MARC
| LEADER | 00000cam a2200000 7i4500 | ||
|---|---|---|---|
| 001 | 0000001438 | ||
| 005 | 20010627.0 | ||
| 090 | 0 | 0 | |a 674.2095951 |b HUD 1961 |
| 100 | 1 | 0 | |a HUDDLESTON |h E. B. |
| 245 | 1 | 0 | |a Report on efficiency of sawmills in the Federation of Malaya |c E. B. Huddleston |
| 260 | 0 | 0 | |a (s. d. : |b s. l.) , |c 1961 |
| 300 | |a Various pagings ; |c 33 cm. | ||
| 650 | 0 | 0 | |a Sawmills |z Malaya |
| 998 | |a JPSM | ||
| 999 | |a 0000002479 |b Monograph |c Open Shelf |e Default branch | ||